|
|
|
|
| LEADER |
01312nam a2200265 a 4500 |
| 001 |
GR-Patra30887 |
| 008 |
120420s2008 gr g 000 0 gre d |
| 020 |
|
|
|a 9789604105168
|
| 040 |
|
|
|a GrPaTEI
|b gre
|c GR-PaULI
|
| 040 |
|
|
|a GrPaTEI
|b gre
|c GR-PaULI
|
| 084 |
|
|
|a Μ
|
| 100 |
1 |
|
|a Pilcher, Rosamunde
|
| 245 |
1 |
0 |
|a Χιόνι τον Απρίλη /
|c Ρόζαμουντ Πίλτσερ ; Μετάφραση Χλόη Θεοδωροπούλου.
|
| 260 |
|
|
|a Αθήνα :
|b Ωκεανίδα,
|c c2008
|
| 300 |
|
|
|a 268σ.
|
| 500 |
|
|
|a Τίτλος πρωτοτύπου: Snow in April
|
| 650 |
|
4 |
|a ΜΥΘΙΣΤΟΡΗΜΑ
|
| 700 |
1 |
|
|a Θεοδωροπούλου, Χλόη
|
| 710 |
0 |
|
|a Ωκεανίδα
|
| 942 |
|
|
|2 ddc
|
| 952 |
|
|
|0 0
|1 0
|2 ddc
|4 0
|6 Μ_PIL
|7 0
|9 313315
|a LISK
|b LISK
|c BSC
|d 2021-01-17
|e 24
|f 1
|g 0.00
|l 0
|o Μ PIL
|p 92410051459
|r 2021-01-17 00:00:00
|t 1
|w 2021-01-17
|y BK15
|x 20120420 0 1
|x GrPaTEI
|
| 952 |
|
|
|0 0
|1 0
|2 ddc
|4 0
|6 Μ_PIL
|7 0
|9 313316
|a LISK
|b LISK
|c BSC
|d 2021-01-17
|e 24
|f 0
|g 0.00
|l 0
|o Μ PIL
|p 92410054439
|r 2021-01-17 00:00:00
|t 1
|w 2021-01-17
|y BK15
|x 20121227 0 1
|x GrPaTEI
|
| 952 |
|
|
|0 0
|1 0
|2 ddc
|4 0
|6 Μ_PIL
|7 0
|9 313317
|a LISK
|b LISK
|c BSC
|d 2021-01-17
|e 24
|f 0
|g 0.00
|l 0
|o Μ PIL
|p 92410054440
|r 2021-01-17 00:00:00
|t 1
|w 2021-01-17
|y BK15
|x 20121227 0 1
|x GrPaTEI
|
| 971 |
|
|
|a .b26784592
|b 16-04-20
|c 26-09-16
|
| 999 |
|
|
|c 179290
|d 179290
|